Famous Works of Literature and Their Authors 2 - Statistics

General Stats
  • This quiz has been taken 259 times
  • The average score is 23 of 45
Answer Stats
Hint Answer % Correct
The Lord of the Rings J.R.R Tolkien
97%
Anna Karenina Leo Tolstoy
95%
Great Expectations Charles Dickens
93%
Emma Jane Austen
93%
The Brothers Karamazov Fyodor Dostoyevsky
85%
Through the Looking Glass Lewis Carroll
81%
One Hundred Years of Solitude Gabriel Garcia Marquez
80%
To the Lighthouse Virginia Woolf
79%
Winnie the Pooh A.A. Milne
77%
A Portrait of the Artist as a Young Man James Joyce
72%
Beloved Toni Morrison
71%
The Trial Franz Kafka
68%
Sons and Lovers D.H Lawrence
66%
Kim Rudyard Kipling
66%
Rebecca Daphne du Maurier
65%
A Hitchhikers Guide to the Galaxy Douglas Adams
63%
Midnights Children Salman Rushdie
62%
Tender is the Night F. Scott Fitzgerald
57%
A Clockwork Orange Anthony Burgess
56%
As I Lay Dying William Faulkner
56%
The Color Purple Alice Walker
55%
One Flew Over the Cuckoo's Nest Ken Kesey
53%
Doctor Zhivago Boris Pasternak
52%
Howards End E.M. Forster
49%
2001: A Space Odyssey Arthur Clarke
48%
The Magic Mountain Thomas Mann
47%
The Tin Drum Gunter Grass
46%
The Portrait of a Lady Henry James
46%
The Wind in the Willows Kenneth Grahame
46%
Pilgrims Progress John Bunyan
45%
Tarzan Edgar Rice Burroughs
40%
Gravity's Rainbow Thomas Pynchon
33%
A Prayer for Owen Meany John Irving
32%
Go Tell it on the Mountain James Baldwin
29%
Being and Nothingness Jean Paul Sartre
27%
Native Son Richard Wright
27%
An American Tragedy Theodore Dreiser
26%
Leviathan Thomas Hobbes
26%
O Pioneers Willa Cather
26%
All the Kings Men Robert Penn Warren
22%
Molloy; Malone Dies; The Unnamable Samuel Beckett
20%
The Good Soldier Ford Maddox Ford
16%
The Histories Herodotus
15%
Ben Hur: A Tale of the Christ Lew Wallace
11%
An Essay on Man Alexander Pope
8%
No matching quizzes found
Score Distribution
Percent of People with Each Score
Percentile by Number Answered
Your Score History
You have not taken this quiz